Welcome to CU Library Online Public Access Catalogue (OPAC)

The Review of Ghana Law : (Record no. 1410)

MARC details
000 -LEADER
fixed length control field 00728nam a22001817a 4500
003 - CONTROL NUMBER IDENTIFIER
control field OSt
005 - DATE AND TIME OF LATEST TRANSACTION
control field 20241121170433.0
008 - FIXED-LENGTH DATA ELEMENTS--GENERAL INFORMATION
fixed length control field 241121b |||||||| |||| 00| 0 eng d
245 ## - TITLE STATEMENT
Title The Review of Ghana Law :
Statement of responsibility, etc. Janet Daniels, LL.B. Of Lincoln's Inn, Barrister-at-Law. Solicitor of the Supreme Court of Ghana
Remainder of title Volume III, 1971. Seduction Actions /
260 ## - PUBLICATION, DISTRIBUTION, ETC.
Place of publication, distribution, etc. Accra
Name of publisher, distributor, etc. General Legal Council and Contributors
Date of publication, distribution, etc. 1971
300 ## - PHYSICAL DESCRIPTION
Extent vii, 255 pages. Vol. III
Dimensions 28cm
500 ## - GENERAL NOTE
General note To be cited as (1971) 3 R.G.L.
650 ## - SUBJECT ADDED ENTRY--TOPICAL TERM
Source of heading or term Ghana Law
700 ## - ADDED ENTRY--PERSONAL NAME
Personal name G. R. Woodman
Relator term Chairman (General Editor)
700 ## - ADDED ENTRY--PERSONAL NAME
Personal name S. K. Date-Bah
Relator term Member of Editorial Committee
700 ## - ADDED ENTRY--PERSONAL NAME
Personal name G. F. A. Sawyerr
Relator term Member of Editorial Committee
942 ## - ADDED ENTRY ELEMENTS (KOHA)
Source of classification or shelving scheme Library of Congress Classification
Koha item type Books
Suppress in OPAC No
999 ## -
-- 1410
-- 1410
Holdings
Withdrawn status Lost status Source of classification or shelving scheme Damaged status Not for loan Collection Home library Current library Shelving location Date acquired Total checkouts Full call number Barcode Date last seen Copy number Price effective from Koha item type
    Library of Congress Classification     Non-fiction Law Library (Miotso) Law Library (Miotso) General stacks 11/21/2024   RGL 71 VOL III llm00001161 11/21/2024 1 11/21/2024 Books
    Library of Congress Classification     Non-fiction Law Library (Miotso) Law Library (Miotso) General stacks 11/21/2024   RGL 71 VOL III llm00001162 11/21/2024 2 11/21/2024 Books
© 2023-2024 Copyright: Central University Libraries. All Rights Reserved | Created by: Mahone Tech Office